| 000 | 00677nam a2200205Ii 4500 | ||
|---|---|---|---|
| 003 | JO-AjNU | ||
| 008 | 230605s9999||||xx |||||||||||||| ||und|| | ||
| 017 | _a1987/1202 | ||
| 040 |
_aJO-AjNU _bara _erda _cJO-AjNU |
||
| 041 | _aara | ||
| 050 | 1 | 4 | _aGV885.H3568 1987 |
| 100 | 3 |
_aتاليف حمودات، فائز بشير، م.مشارك جاسم، مؤيد عبدالله, _eauthor _913414 |
|
| 245 | 0 | 0 | _aكرة السلة |
| 264 | 3 | 1 | _aالموصل: د.ن، 1987 |
| 300 |
_a336ص _bصور توضبحية |
||
| 336 |
_atext _btxt _2rdacontent |
||
| 337 |
_aunmediated _bn _2rdamedia |
||
| 338 |
_avolume _bnc _2rdacarrier |
||
| 650 | 4 |
_aكرة السلة - رياضة _913415 |
|
| 999 |
_aA3334 _c6902 _d6902 |
||